| 000 | 00934nam a2200265 a 4500 | ||
|---|---|---|---|
| 001 | 000715011 | ||
| 003 | AM-YeHGA | ||
| 005 | 20250618073720.0 | ||
| 008 | 100219s2007 ||| r 000 0 eng d | ||
| 020 | _a097674242X | ||
| 040 | _aAM-YeHGA | ||
| 041 | 1 |
_aeng _harm |
|
| 100 | 1 |
_aAnush, Armen _d1907-1958 |
|
| 245 | 1 | 0 |
_aPassage through hell : _bA memoir / _cArmen Anush; Transl. by Ishkhan Jinbashian. |
| 250 | _a2nd ed. | ||
| 260 |
_aStudio City, California : _bH. and K. Manjikian Publ., _c2007. |
||
| 300 |
_axvi, 123 p. : _bill., photos. |
||
| 440 | 0 |
_aGenocide Library; _vV. 1 |
|
| 500 | _aTranslation of: Arean chanaparhov | ||
| 500 | _aOn cover: The Odyssey of a Genocide Survivor | ||
| 650 | 1 | 4 |
_aՀայոց ցեղասպանություն (1915-1923) _vԱնձնական պատմություններ _95101 |
| 650 | 1 | 4 |
_aՑեղասպանություն _zTurkey |
| 700 | 1 |
_aJinbashian, Ishkhan _4trl |
|
| 090 | _c265930 | ||
| 999 |
_c264300 _d264300 |
||